Перейти до змісту

Методические рекомендации: «Федеральная сетевая компания (ФСК): информационно-аналитическое и методическое обеспечение»

Збережено в:
Бібліографічні деталі
Автор: Усманова Т. Х.
Інші автори: Хайруллина Л. И.
Формат: Книга
Мова:Russian
Опубліковано: Москва Финансовый университет 2015
Онлайн доступ:https://e.lanbook.com/book/208385
https://e.lanbook.com/img/cover/book/208385.jpg
Теги: Додати тег
Немає тегів, Будьте першим, хто поставить тег для цього запису!
LEADER 01146nam0a2200241 i 4500
001 208385
003 RuSpLAN
005 20221220174146.0
008 221220s2015 ru gs 000 0 rus
040 |a RuSpLAN 
041 0 |a rus 
044 |a ru 
080 |a 332 
245 0 0 |a Методические рекомендации: «Федеральная сетевая компания (ФСК): информационно-аналитическое и методическое обеспечение»  |c Усманова Т. Х.,Хайруллина Л. И. 
260 |a Москва  |b Финансовый университет  |c 2015 
300 |a 56 с. 
504 |a Библиогр.: доступна в карточке книги, на сайте ЭБС Лань 
521 8 |a Книга из коллекции Финансовый университет - Экономика и менеджмент 
100 1 |a Усманова Т. Х. 
700 1 |a Хайруллина Л. И. 
856 4 |u https://e.lanbook.com/book/208385 
856 4 8 |u https://e.lanbook.com/img/cover/book/208385.jpg 
953 |a https://e.lanbook.com/img/cover/book/208385.jpg